[Event "Daehne Cup Region II Restturnier"]
[Site "Burgdorf"]
[Date "2011.02.28"]
[Round "3.5"]
[White "Ihlefeld, Herrmann"]
[Black "Schleusner, Guenter"]
[Result "1/2-1/2"]
[WhiteElo "1292"]
[BlackElo "1202"]
[PlyCount "96"]
[EventDate "2011.02.14"]
[EventType "swiss"]
[EventCountry "GER"]
[SourceTitle "EXT 2022"]
[Source "ChessBase"]
[SourceDate "2021.10.06"]
[SourceVersion "1"]
[SourceVersionDate "2021.10.06"]
[SourceQuality "1"]

1. d4 Nf6 2. c4 e6 3. a3 d5 4. c5 c6 5. b4 Nbd7 6. h3 b6 7. e3 b5 8. Nd2 a5 9. Bb2 a4 10. Bd3 g6 11. Ngf3 Bg7 12. Qc2 0-0 13. 0-0-0 h5 14. Rdg1 Re8 15. g4 Qc7 16. gxh5 Nxh5 17. Bxg6 Ndf6 18. Bxh5 Nxh5 19. Ng5 f5 20. Rg2 Re7 21. Qd1 Nf6 22. h4 Kf8 23. Ndf3 Ng4 24. Nh2 Nf6 25. Qf3 Bh6 26. Qf4 Qxf4 27. exf4 Rg7 28. Bc3 Raa7 29. Bd2 Rae7 30. Nhf3 Bxg5 31. hxg5 Ng4 32. Be3 Rh7 33. Rgg1 Bd7 34. Ne5 Nxe5 35. dxe5 Be8 36. Kd2 Kg8 37. f3 Reg7 38. Bf2 Bg6 39. Bh4 Ra7 40. Rg2 Rag7 41. Rgh2 Re7 42. Bf2 Reg7 43. Rh6 Kh8 44. R1h2 Kg8 45. Ke3 Kh8 46. Bh4 Kg8 47. Bf2 Kh8 48. Rxh7+ Rxh7 1/2-1/2

[Event "Daehne Cup Region II Restturnier"]
[Site "Burgdorf"]
[Date "2011.02.14"]
[Round "2.1"]
[White "Schleusner, Guenter"]
[Black "Loeper, Detlef"]
[Result "0-1"]
[WhiteElo "1202"]
[BlackElo "1969"]
[PlyCount "54"]
[EventDate "2011.02.14"]
[EventType "swiss"]
[EventCountry "GER"]
[SourceTitle "EXT 2022"]
[Source "ChessBase"]
[SourceDate "2021.10.06"]
[SourceVersion "1"]
[SourceVersionDate "2021.10.06"]
[SourceQuality "1"]

1. d4 d5 2. c4 e6 3. Nf3 c6 4. e3 Nf6 5. Bd3 Bd6 6. 0-0 Nbd7 7. Re1 Ne4 8. Nbd2 f5 9. cxd5 exd5 10. Nf1 0-0 11. a3 Ndf6 12. Bxe4 fxe4 13. Ne5 Bxe5 14. dxe5 Ng4 15. Re2 Nxe5 16. h3 Qg5 17. Ng3 h5 18. Rc2 h4 19. Qh5 Qf6 20. Nh1 Qe7 21. Bd2 Rf5 22. Qe2 Rg5 23. Kh2 Rxg2+ 24. Kxg2 Qe6 25. Kf1 Qxh3+ 26. Ke1 Qxh1+ 27. Qf1 Nd3+ 0-1